Entry Personal Name
Number of records used in: 1
001 - CONTROL NUMBER
003 - CONTROL NUMBER IDENTIFIER
005 - DATE AND TIME OF LATEST TRANSACTION
- control field:
20230921161417.0
008 - FIXED-LENGTH DATA ELEMENTS
- fixed length control field:
071022n| azannaabn |a aaa
010 ## - LIBRARY OF CONGRESS CONTROL NUMBER
- LC control number:
n 2007210754
040 ## - CATALOGING SOURCE
- Original cataloging agency:
DLC
- Language of cataloging:
eng
- Description conventions:
rda
- Transcribing agency:
DLC
- Modifying agency:
DLC
100 1# - HEADING--PERSONAL NAME
- Personal name:
Khan, Nasir Raza
370 ## - ASSOCIATED PLACE
- Other associated place:
New Delhi, India
372 ## - FIELD OF ACTIVITY
- Field of activity:
International relations
- Field of activity:
History
- Source of term:
lcsh
373 ## - ASSOCIATED GROUP
- Associated group:
Jamia Millia Islamia (India). Academy of International Studies
- Source of term:
naf
373 ## - ASSOCIATED GROUP
- Associated group:
Lal Bahadur Shastri Centre for Indian Culture, Tashkent
374 ## - OCCUPATION
- Occupation:
Architectural historians
- Occupation:
College teachers
375 ## - GENDER
377 ## - ASSOCIATED LANGUAGE
400 0# - SEE FROM TRACING--PERSONAL NAME
- Personal name:
Nasir Raza Khan
670 ## - SOURCE DATA FOUND
- Source citation:
Revival of the Silk Route, 2004:
- Information found:
t.p. (Nasir Raza Khan) p. 4 of cover (doctoral degree in architectural hist. of India, Jamia Millia Islamia; res. asso., Academy of Third World Studies, Jamia Millia Islamia, New Delhi)
670 ## - SOURCE DATA FOUND
- Source citation:
India, Central Asia and the world powers, 2013:
- Information found:
title page (Nasir Raza Khan) jacket (assistant professor, Academy of Third World Studies, Jamia Millia Islamia, New Delhi; Director, Lal Bahadur Shastri Centre for Indian Culture, Tashkent, Uzbekistan)